Las juventudes como objeto de discurso en las declaraciones de la Organización Iberoamericana de Juventud en las últimas dos décadas del siglo XX /
Wedi'i Gadw mewn:
| Prif Awdur: | |
|---|---|
| Fformat: | Texto |
| Tagiau: |
Ychwanegu Tag
Dim Tagiau, Byddwch y cyntaf i dagio'r cofnod hwn!
|
MARC
| LEADER | 00000 a a2200000 04500 | ||
|---|---|---|---|
| 001 | 46992 | ||
| 003 | |||
| 040 | |||
| 100 | |a Plesniscar, Lorena | ||
| 245 | |a Las juventudes como objeto de discurso en las declaraciones de la Organización Iberoamericana de Juventud en las últimas dos décadas del siglo XX / |c Lorena Plesniscar | ||
| 773 | |g volumen22, número1, (2013), páginas 44-70 | ||
| 999 | |c 36257 |d 36257 | ||
